| 000 | 00815 a2200253 4500 | ||
|---|---|---|---|
| 001 | 20032 | ||
| 999 |
_c20032 _d8807 |
||
| 003 | TR-AnTOB | ||
| 005 | 20240814073632.0 | ||
| 008 | 041119s1987 tu tur | ||
| 035 | _a20032 | ||
| 041 | _atur | ||
| 050 |
_aDR440 _b.T875 1987 |
||
| 090 | _aDR440 .T875 1987 | ||
| 100 |
_aTürkgeldi, Ali Fuat, _d1867-1935 _947188 |
||
| 245 | 0 |
_aMesail-i mühimme-i siyasiyye / _cAli Fuad Türkgeldi ; haz.Bekir Sıtkı Baykal. |
|
| 250 | _a2. bs. | ||
| 264 | 1 |
_aAnkara : _bAtatürk Kültür, Dil ve Tarih Yüksek Kurumu Türk Tarih Kurumu, _c1987 |
|
| 300 |
_a3 v. ; _c24 cm. |
||
| 490 | 0 |
_aAtatürk Kültür, Dil ve Tarih Yüksek Kurumu Türk Tarih Kurumu Yayınları; VII. _aDizi-Sayı; 27 |
|
| 500 | _aIncludes index. | ||
| 651 | 7 |
_aTürkiye _xSiyaset ve yönetim _2 _9120128 |
|
| 902 | _a0007602 | ||
| 942 | _cBK | ||